[Event "AUTO-OPEN-4608"]
[Site "http://www.queenalice.com/game.php?id=1872316"]
[Date "2026.4.23"]
[Round "3"]
[White "cerenzo72"]
[Black "WoodpusherKid"]
[Result "0-1"]
[WhiteElo "2172"]
[BlackElo "2705"]

1. b4 Nf6 2. Bb2 d5 3. e3 e5 4. Bxe5 Bxb4 5. Nf3 O-O 6. Be2 c5 7. O-O Nc6 8. Bb2
Re8 9. c3 Ba5 10. d3 Bg4 11. Nbd2 Bc7 12. d4 c4 13. a4 h6 14. Qc2 Qd7 15. Ba3
Bf5 16. Qb2 Na5 17. Bb4 Nc6 18. Ba3 Na5 19. Bb4 Nc6 20. Ba3 g5 21. Rad1 Rac8 22.
Ne5 Bxe5 23. dxe5 Nxe5 24. Nf3 Nxf3+ 25. Bxf3 Bd3 26. Be2 Bxe2 27. Qxe2 Qxa4 28.
Ra1 a6 29. Be7 Qc6 30. Bb4 Ra8 31. Qf3 Ng4 32. Qxg4 b6 33. Ba3 a5 34. f4 Qe6 35.
Qxe6 Rxe6 36. Rae1 Rae8 37. Kf2 gxf4 38. exf4 b5 39. Rxe6 fxe6 40. Re1 d4 41.
cxd4 b4 42. Bb2 a4 43. d5 c3 44. Bxc3 bxc3 45. dxe6 c2 46. f5 Rc8 47. Rc1 Kg7
48. Ke2 a3 49. Kd2 a2 50. Ra1 c1=Q+ 0-1

[Event "Let's Play Chess!"]
[Site "http://www.queenalice.com/game.php?id=1872367"]
[Date "2026.4.24"]
[Round "-"]
[White "alow_proton"]
[Black "WoodpusherKid"]
[Result "0-1"]
[WhiteElo "2035"]
[BlackElo "2704"]

1. e4 e5 2. f4 exf4 3. Nf3 d6 4. Bc4 Be6 5. Bb3 h6 6. d4 g5 7. h3 Bxb3 8. axb3
Bg7 9. O-O Nc6 10. Nc3 Nge7 11. Re1 Qd7 12. Nb5 a6 13. e5 dxe5 14. Na3 Rd8 15.
c3 exd4 16. Nxd4 Bxd4+ 17. cxd4 Nxd4 18. Nc4 Qb5 19. Ra5 Qxb3 20. Qxb3 Nxb3 21.
Rae5 Rd7 22. Na5 Nxc1 23. Rxc1 b6 24. Nc6 f6 25. Re2 Kf7 26. Rce1 Nxc6 0-1

[Event "Let's Play Chess!"]
[Site "http://www.queenalice.com/game.php?id=1872368"]
[Date "2026.4.24"]
[Round "-"]
[White "WoodpusherKid"]
[Black "alow_proton"]
[Result "1-0"]
[WhiteElo "2706"]
[BlackElo "2045"]

1. e3 d5 2. d4 Nf6 3. Nf3 a6 4. Be2 e6 5. O-O c5 6. dxc5 Bxc5 7. c4 O-O 8. b3
Nc6 9. Nc3 Na5 10. cxd5 Nxd5 11. Qd3 Nxc3 12. Qxc3 Be7 13. Bb2 Bf6 14. Qc2 Bxb2
15. Qxb2 b5 16. Rfd1 Qe7 17. Ne5 f6 18. Bf3 Ra7 19. b4 Nc4 20. Nxc4 bxc4 21.
Rac1 Qc7 22. Rd4 Bb7 23. Bxb7 Rxb7 24. Rcxc4 Qe7 25. h3 g5 26. a4 Rfb8 27. Qd2
Kf7 28. Qd3 Kg7 29. Rd6 Rxb4 30. Rd7 1-0

[Event "Let's Play Chess!"]
[Site "http://www.queenalice.com/game.php?id=1873861"]
[Date "2026.5.23"]
[Round "-"]
[White "Capixabba789"]
[Black "WoodpusherKid"]
[Result "0-1"]
[WhiteElo "1803"]
[BlackElo "2711"]

1. d4 d5 2. Nc3 Nf6 3. f4 c5 4. Nf3 e6 5. e3 Nc6 6. Be2 Be7 7. O-O O-O 8. a3 b6
9. Ne5 Qc7 10. Bf3 Ba6 11. Re1 Rfe8 12. b3 cxd4 13. exd4 Nxe5 14. fxe5 Qxc3 15.
Be3 Ne4 16. Bxe4 dxe4 17. a4 Bh4 18. g3 Be7 19. Bf4 Red8 20. Rxe4 Bc5 21. Bd2
Bxd4+ 0-1